| 000 | 01004nas a2200337 4500 | ||
|---|---|---|---|
| 001 | BR2014002922 | ||
| 003 | BR-BrBNA | ||
| 005 | 20231205124018.0 | ||
| 007 | ta | ||
| 008 | 230509b bl.|||p| |||| 00| 00por d | ||
| 040 |
_aBR-BrBNA _bpor _cBiblioteca Nacional de Agricultura |
||
| 041 | _a(Pt) | ||
| 072 | _aQ03 | ||
| 100 | 1 | _aMonte, A.M. | |
| 100 | 1 | _aAzevedo, M.L.X. | |
| 100 | 1 | _aCardoso Filho, F. das C. | |
| 100 | 1 | _aRodrigues, A.M.D. | |
| 100 | 1 | _aMoura, S.G. de | |
| 100 | 1 | _aMuratori, M.C.S. | |
| 245 | 1 | _aQualidade de méis de abelhas nativas sem ferrão do estado do Piauí, Brasil | |
| 650 | _aABELHA | ||
| 650 | _aMEL | ||
| 650 | _aQUALIDADE | ||
| 650 | _aMICRORGANISMO | ||
| 650 | _aSALMONELLA SPP | ||
| 650 | _aCOLIFORME | ||
| 650 | _aANÁLISE MICROBIOLÓGICA | ||
| 773 | 0 |
_tRevista Brasileira de Medicina Veterinária (Brazil) _xISSN 0100-2430 _g(Jan-Mar 2013), v. 35(1) p. 48-54 _wBR2014002922 |
|
| 909 |
_a202311 _bLúcia _c55 _dLúcia Elande |
||
| 942 |
_2AGRIS _n0 _cANA |
||
| 999 |
_c236899 _d236899 |
||